000 004440000a22001810004500
003 MACL
005 20150819160753.0
008 150819b xxu||||| |||| 00| 0 eng d
040 _aMACL
_cMACL
041 _aEnglish
082 _a610/DEW
100 _aDewan, A P
_96309
245 _aHealthy Living
260 _bA C Specialist Publishers Pvt. Ltd.
_c1990
_aNew Delhi
350 _a35
650 _aMedical science
_985
942 _cBK
_k610
_2ddc
999 _c4496
_d4496